| 000 | 00744nam a2200289Ia 4500 | ||
|---|---|---|---|
| 001 | 36264 | ||
| 005 | 20240114001848.0 | ||
| 007 | ta | ||
| 008 | 070412s1931 a g b000 u 465 u | ||
| 040 | _aCotton College,Assam | ||
| 041 | _a465 | ||
| 082 |
_a654 _bC 883 B |
||
| 100 | _aCropper, L.C.. | ||
| 245 | 0 |
_aBook Keeping and Accounting / _cL.C.Cropper, F.D.Morris & A.K.Fison. _hTextual Documents |
|
| 250 | _a16th ed. / | ||
| 260 |
_aSl : _bSn , _c1931. |
||
| 300 |
_a991p. : _bill ; _c22cm . |
||
| 504 | _aIndex | ||
| 653 | _aBook Keeping | ||
| 653 | _aAccounting | ||
| 653 | _aG-Technology | ||
| 700 | _aMorris , F.D. . | ||
| 700 | _aFison, A.K. . | ||
| 942 |
_2ddc _cBK |
||
| 999 |
_c36246 _d36246 |
||